000 00315nam a22001457a 4500
008 221201b ||||| |||| 00| 0 eng d
020 _a9780761920618
041 _aeng
080 _a616.8
082 _a616.8BEA
100 _a11.2
101 _aTRURI
245 _aTHE HUMAN BRAIN
_cBEATTY J
942 _2udc
_cBK
999 _c59068
_d59068